000 00343 a2200145 4500
040 _aDLC
_bDLC
082 _a891.4393
100 _aSadique Salik
245 _aPressure cookkar
_cSadique Salik
260 _aLahore
_bR.R printers
_c2010
300 _a349 p.
650 _aUrdu--noval
700 _aSadique Salik
942 _cBK
_k891.4393 SAD
_2ddc
999 _c10749
_d10749